000 00504nam a2200181Ia 4500
003 GCL
008 140319s9999 xx 000 0 eng d
040 _aGCL /
_cGCL
082 0 4 _a357.1
_bS E
100 1 _aSMITH, GAYLORD N
245 1 0 _aELECTRONIC SPREADSHEET APPLICATIONS, FOR MANEGERIAL ACCOUNTING /
_cSMITH, GAYLORD N
260 _a[S.N] :
_bSOUTH-WEATERN PUBISHING CO ،
_c1993
300 _a230
650 0 4 _aELECTRONICS
650 0 4 _aMANAGEMENT
650 0 4 _aACCOUNTING
942 _2ddc
_cBK
999 _c16690
_d16690